[Event "GBR-ch107 U10"]
[Site "Milton Keynes"]
[Date "2021.10.03"]
[Round "7.10"]
[White "Marsden, Rupert"]
[Black "Pitts, Daniel"]
[Result "1-0"]
[WhiteElo "1352"]
[BlackElo "1338"]
[PlyCount "68"]
[EventDate "2021.10.02"]
[EventType "swiss"]
[EventRounds "7"]
[EventCountry "GBR"]
[SourceTitle "BritBase"]
[Source "John Saunders"]
[SourceDate "2021.06.05"]
[SourceVersion "1"]
[SourceVersionDate "2021.06.05"]
[SourceQuality "1"]

1. d4 d5 2. Bf4 Nf6 3. Nf3 e6 4. e3 c5 5. c3 Qb6 6. Qb3 Qxb3 7. axb3 cxd4 8.
exd4 Nc6 9. Bb5 Bd7 10. O-O a6 11. Bxc6 Bxc6 12. Ne5 Bb5 13. c4 Bc6 14. Nc3 Nh5
15. Bg3 f6 16. Nxc6 Nxg3 17. fxg3 bxc6 18. Rfe1 Kd7 19. c5 Be7 20. Re3 e5 21.
Rae1 Rhe8 22. Na4 Rab8 23. dxe5 f5 24. e6+ Kc7 25. Kf1 Bg5 26. Rf3 g6 27. h4
Bf6 28. g4 Bxh4 29. g3 Bg5 30. gxf5 gxf5 31. Rxf5 Rf8 32. Ree5 Rbe8 33. Rf7+
Be7 34. b4 Kd8 1-0

[Event "GBR-ch107 U10"]
[Site "Milton Keynes"]
[Date "2021.10.03"]
[Round "7.11"]
[White "Shi, Shaoquan"]
[Black "Gushchin, Arseniy"]
[Result "1/2-1/2"]
[WhiteElo "1050"]
[BlackElo "1278"]
[PlyCount "65"]
[EventDate "2021.10.02"]
[EventType "swiss"]
[EventRounds "7"]
[EventCountry "GBR"]
[SourceTitle "BritBase"]
[Source "John Saunders"]
[SourceDate "2021.06.05"]
[SourceVersion "1"]
[SourceVersionDate "2021.06.05"]
[SourceQuality "1"]

1. d4 d5 2. c4 Nf6 3. cxd5 Nxd5 4. e4 Nb6 5. Nf3 e6 6. a3 c5 7. Nc3 cxd4 8.
Qxd4 Qxd4 9. Nxd4 Bd7 10. Bf4 Nc6 11. Ndb5 Rc8 12. Bd6 Be7 13. Nc7+ Kd8 14.
Bxe7+ Kxe7 15. N3b5 a6 16. f4 axb5 17. Nxb5 Rhd8 18. e5 Rb8 19. Nd6 Nc8 20. Ne4
Nd4 21. Bd3 Ba4 22. O-O Nb3 23. Rad1 Nd4 24. Rd2 Nf5 25. Re1 Nb6 26. Kf2 Nd5
27. g3 Rbc8 28. Bb1 Bb5 29. Ba2 Nde3 30. Nd6 Nxd6 31. Rxd6 Rxd6 32. exd6+ Kxd6
33. Kxe3 1/2-1/2

[Event "GBR-ch107 U8"]
[Site "Milton Keynes"]
[Date "2021.10.02"]
[Round "1.1"]
[White "Keerthi Kumar, Advait"]
[Black "Ong, Timothy"]
[Result "1-0"]
[WhiteElo "1492"]
[BlackElo "1038"]
[PlyCount "95"]
[EventDate "2021.10.02"]
[EventType "swiss"]
[EventRounds "7"]
[EventCountry "GBR"]
[SourceTitle "BritBase"]
[Source "John Saunders"]
[SourceDate "2021.06.05"]
[SourceVersion "1"]
[SourceVersionDate "2021.06.05"]
[SourceQuality "1"]

1. e4 e5 2. Nf3 Nc6 3. Bc4 Bc5 4. b4 Bb6 5. O-O Nf6 6. d3 d6 7. b5 Na5 8. Bb3
Bg4 9. Nc3 O-O 10. Bg5 h6 11. Bh4 c6 12. h3 Bh5 13. Na4 Bc7 14. bxc6 bxc6 15.
c3 Rb8 16. Rb1 Nxb3 17. axb3 Qe7 18. Qe2 Rbd8 19. Rfe1 c5 20. Nb2 Bb6 21. Nc4
d5 22. exd5 Nxd5 23. Bxe7 Nxe7 24. Nxb6 axb6 25. Qxe5 Bxf3 26. Qxe7 Bc6 27. Ra1
Bb5 28. d4 cxd4 29. cxd4 Rde8 30. Qb4 Bd7 31. Rxe8 Rxe8 32. Ra7 Be6 33. Qxb6 g6
34. Qb7 Rf8 35. d5 Bc8 36. Qe7 Bf5 37. g4 Bc8 38. Qxf8+ Kxf8 39. Ra8 Ke7 40.
Rxc8 Kd6 41. b4 Kd7 42. Rc1 Kd6 43. b5 Kxd5 44. b6 Kd6 45. b7 Ke5 46. b8=Q+ Ke6
47. Re1+ Kf6 48. Qe5# 1-0

[Event "GBR-ch107 U8"]
[Site "Milton Keynes"]
[Date "2021.10.02"]
[Round "1.2"]
[White "Gao, Alex"]
[Black "Verbytski, Oleg"]
[Result "1-0"]
[WhiteElo "1015"]
[BlackElo "1368"]
[PlyCount "53"]
[EventDate "2021.10.02"]
[EventType "swiss"]
[EventRounds "7"]
[EventCountry "GBR"]
[SourceTitle "BritBase"]
[Source "John Saunders"]
[SourceDate "2021.06.05"]
[SourceVersion "1"]
[SourceVersionDate "2021.06.05"]
[SourceQuality "1"]

1. e4 c5 2. c3 Nf6 3. e5 Nd5 4. d4 cxd4 5. cxd4 e6 6. Nf3 Nc6 7. Bc4 Nb6 8. Bb3
d6 9. Qe2 Be7 10. O-O O-O 11. Nc3 Qc7 12. Bc2 Nb4 13. Bb1 dxe5 14. dxe5 Bd7 15.
Qe4 g6 16. Bh6 Rfd8 17. a3 Bc6 18. Qf4 N4d5 19. Nxd5 Nxd5 20. Qg4 Bb5 21. Rc1
Qb6 22. Nh4 Bxh4 23. Qxh4 Rac8 24. Be4 f5 25. Bxd5 Rxc1+ 26. Rxc1 exd5 27. Qe7
1-0

[Event "GBR-ch107 U8"]
[Site "Milton Keynes"]
[Date "2021.10.02"]
[Round "1.3"]
[White "Sivanandan, Bodhana"]
[Black "Pitel, Benedikt"]
[Result "1-0"]
[WhiteElo "1345"]
[BlackElo "963"]
[PlyCount "115"]
[EventDate "2021.10.02"]
[EventType "swiss"]
[EventRounds "7"]
[EventCountry "GBR"]
[SourceTitle "BritBase"]
[Source "John Saunders"]
[SourceDate "2021.06.05"]
[SourceVersion "1"]
[SourceVersionDate "2021.06.05"]
[SourceQuality "1"]

1. e4 c6 2. d4 d5 3. exd5 cxd5 4. Nc3 Nf6 5. Bf4 Nc6 6. Nb5 Qa5+ 7. c3 e5 8.
dxe5 Nd7 9. Qxd5 a6 10. Nd6+ Bxd6 11. Qxa5 Nxa5 12. exd6 O-O 13. O-O-O Nc6 14.
Nf3 Rd8 15. Bc4 Kf8 16. g4 b5 17. Bd5 Bb7 18. h4 a5 19. g5 Nb6 20. Be4 b4 21.
cxb4 axb4 22. Kb1 Ra7 23. Be3 Ra6 24. Bd3 Raa8 25. Bxb6 Re8 26. d7 Reb8 27. Be4
Nd8 28. Bxb7 Rxb7 29. Bxd8 Rxd8 30. Ne5 f6 31. gxf6 gxf6 32. Nc6 Rdxd7 33. Rxd7
Rxd7 34. Nxb4 Rd2 35. b3 Rxf2 36. a4 Rd2 37. Nc2 Rd7 38. b4 Ra7 39. a5 Ke7 40.
Rd1 f5 41. Nd4 Ra8 42. Nc6+ Ke8 43. b5 f4 44. b6 Kf7 45. b7 Re8 46. b8=Q Rxb8+
47. Nxb8 f3 48. a6 Ke6 49. a7 f2 50. a8=Q f1=Q 51. Rxf1 Ke5 52. Qc6 Kd4 53.
Rd1+ Ke5 54. Qe8+ Kf4 55. Rf1+ Kg3 56. Qg8+ Kh2 57. Rg1 Kh3 58. Qg3# 1-0

[Event "GBR-ch107 U8"]
[Site "Milton Keynes"]
[Date "2021.10.02"]
[Round "1.4"]
[White "Laddhad, Laksh"]
[Black "Veselow, Zoe"]
[Result "0-1"]
[WhiteElo "927"]
[BlackElo "1338"]
[PlyCount "72"]
[EventDate "2021.10.02"]
[EventType "swiss"]
[EventRounds "7"]
[EventCountry "GBR"]
[SourceTitle "BritBase"]
[Source "John Saunders"]
[SourceDate "2021.06.05"]
[SourceVersion "1"]
[SourceVersionDate "2021.06.05"]
[SourceQuality "1"]

1. d4 d5 2. Bf4 Nf6 3. e3 e6 4. c4 c5 5. Nd2 Be7 6. Ngf3 O-O 7. Be2 Nbd7 8. O-O
b6 9. Rc1 Bb7 10. Qc2 Rc8 11. Ne5 Nxe5 12. Bxe5 cxd4 13. exd4 dxc4 14. Nxc4 b5
15. Na5 Rxc2 16. Rxc2 Qxa5 17. Rc7 Qxc7 18. Bxc7 Rc8 19. Be5 Rc2 20. Rb1 Rxe2
21. Rc1 Rxb2 22. h3 Nd5 23. Ra1 Nc3 24. Rc1 Rb1 25. Rxb1 Nxb1 26. Kf1 Nd2+ 27.
Ke2 Nc4 28. f3 Nxe5 29. dxe5 Bd5 30. g4 Bxa2 31. f4 b4 32. Kd1 a5 33. Kc1 b3
34. Kb2 Bc5 35. h4 a4 36. Ka1 Bd4# 0-1

[Event "GBR-ch107 U8"]
[Site "Milton Keynes"]
[Date "2021.10.02"]
[Round "1.6"]
[White "Han, Qixiang"]
[Black "Deepak Ambattu, Rithvik"]
[Result "1/2-1/2"]
[WhiteElo "888"]
[BlackElo "1285"]
[PlyCount "117"]
[EventDate "2021.10.02"]
[EventType "swiss"]
[EventRounds "7"]
[EventCountry "GBR"]
[SourceTitle "BritBase"]
[Source "John Saunders"]
[SourceDate "2021.06.05"]
[SourceVersion "1"]
[SourceVersionDate "2021.06.05"]
[SourceQuality "1"]

1. e4 e5 2. Nf3 Nc6 3. Bc4 Bc5 4. c3 Nf6 5. d4 exd4 6. cxd4 Bb4+ 7. Bd2 Bxd2+
8. Nbxd2 d5 9. exd5 Nxd5 10. O-O O-O 11. Re1 Nb6 12. Qb3 Nxd4 13. Nxd4 Qxd4 14.
Bxf7+ Kh8 15. Nf3 Qf6 16. Re8 Rxe8 17. Bxe8 Be6 18. Qb5 c6 19. Qh5 g6 20. Bxg6
Qxg6 21. Qe5+ Kg8 22. Re1 Bf7 23. Qc7 Rc8 24. Qxb7 Re8 25. Rxe8+ Bxe8 26. h3
Qg7 27. Qb8 Qe7 28. Nd4 Kf7 29. Qf4+ Qf6 30. Nf5 Bd7 31. Nd6+ Ke7 32. Qxf6+
Kxf6 33. Ne4+ Ke5 34. Ng5 Bf5 35. g4 Bb1 36. a3 Nc4 37. Nf3+ Ke4 38. Ng5+ Kd5
39. f4 Nd6 40. h4 h6 41. Nf3 Nf7 42. g5 hxg5 43. fxg5 Ne5 44. Nxe5 Kxe5 45. h5
Kf5 46. g6 Kg5 47. g7 Bh7 48. Kf2 Kxh5 49. Ke3 Kg6 50. Kd4 Kxg7 51. Kc5 Be4 52.
Kd6 a5 53. Kc7 a4 54. Kb6 Kf6 55. Ka5 Bc2 56. Kb6 Be4 57. Ka5 Bc2 58. Kb6 Be4
59. Ka5 1/2-1/2

[Event "GBR-ch107 U8"]
[Site "Milton Keynes"]
[Date "2021.10.02"]
[Round "1.7"]
[White "Lishoy Gengis Paratazham, Dildarav"]
[Black "Konara, Nuvee"]
[Result "1-0"]
[WhiteElo "1272"]
[BlackElo "883"]
[PlyCount "56"]
[EventDate "2021.10.02"]
[EventType "swiss"]
[EventRounds "7"]
[EventCountry "GBR"]
[SourceTitle "BritBase"]
[Source "John Saunders"]
[SourceDate "2021.06.05"]
[SourceVersion "1"]
[SourceVersionDate "2021.06.05"]
[SourceQuality "1"]

1. Nf3 Nc6 2. c3 e5 3. e4 Bc5 4. d4 exd4 5. cxd4 Bb6 6. Bg5 f6 7. Be3 Qe7 8.
Bd3 Qb4+ 9. Nc3 Qxb2 10. Qc1 Qxc1+ 11. Rxc1 Nge7 12. O-O d6 13. Bb5 Bd7 14.
Rfe1 a6 15. Bc4 O-O-O 16. Na4 f5 17. Ng5 Rhf8 18. Nxb6+ cxb6 19. Nf7 Rde8 20.
Nxd6+ Kb8 21. Bf4 Ka7 22. Nxe8 Rxe8 23. d5 Na5 24. Bd3 h6 25. exf5 g5 26. Bd6
Nxd5 27. Rxe8 Bxe8 28. Rc8 Bb5 1-0

[Event "GBR-ch107 U8"]
[Site "Milton Keynes"]
[Date "2021.10.02"]
[Round "1.8"]
[White "Litvin, Theo"]
[Black "Chen, George"]
[Result "0-1"]
[WhiteElo "760"]
[BlackElo "1113"]
[PlyCount "156"]
[EventDate "2021.10.02"]
[EventType "swiss"]
[EventRounds "7"]
[EventCountry "GBR"]
[SourceTitle "BritBase"]
[Source "John Saunders"]
[SourceDate "2021.06.05"]
[SourceVersion "1"]
[SourceVersionDate "2021.06.05"]
[SourceQuality "1"]

1. e4 c5 2. Nf3 Nc6 3. d4 cxd4 4. Nxd4 g6 5. Bc4 Bg7 6. Nxc6 bxc6 7. Bf4 Nf6 8.
Nc3 O-O 9. O-O Nh5 10. Be3 Nf6 11. Qe2 d5 12. exd5 cxd5 13. Bb3 Re8 14. Rad1 e6
15. Rfe1 Qa5 16. Qf3 Nd7 17. Ne2 Ne5 18. Qg3 Ba6 19. Bd4 Nd7 20. Bxg7 Kxg7 21.
Qc3+ Qxc3 22. Nxc3 Nc5 23. Re3 Rad8 24. Na4 Nxb3 25. axb3 Rc8 26. c3 Bb5 27.
Rd4 a6 28. g3 Rc6 29. Rxd5 Bxa4 30. bxa4 Rb8 31. Rd2 Rb3 32. Re4 Rcb6 33. Ree2
Kf6 34. Kg2 Rc6 35. Rd4 Ke7 36. Kf3 f6 37. Red2 Rc7 38. Rd8 Rxb2 39. Rxb2 Rxc3+
40. Kg2 Kxd8 41. Rb6 Kd7 42. Rxa6 h5 43. a5 Ra3 44. Ra7+ Kd6 45. Rg7 g5 46. Rh7
Rxa5 47. Rxh5 Ke5 48. f4+ Kf5 49. fxg5 fxg5 50. h3 Ra2+ 51. Kf1 Ra8 52. h4 Rg8
53. Kg2 Kf6 54. Rh6+ Kf7 55. Kf3 gxh4 56. Rxh4 Ra8 57. Re4 Kf6 58. Kf4 Ra1 59.
Re3 e5+ 60. Kg4 Rh1 61. Rf3+ Ke6 62. Re3 Rh8 63. Rd3 Rg8+ 64. Kh5 e4 65. Re3
Kf5 66. Kh6 Rd8 67. g4+ Kf4 68. Re1 Rh8+ 69. Kg6 Rg8+ 70. Kh5 Rg5+ 71. Kh4
Rxg4+ 72. Kh3 Rg8 73. Kh2 Kf3 74. Kh1 Kf2 75. Re2+ Kxe2 76. Kh2 Kf3 77. Kh1 Kf2
78. Kh2 Rh8# 0-1

[Event "GBR-ch107 U8"]
[Site "Milton Keynes"]
[Date "2021.10.02"]
[Round "1.9"]
[White "Kumar, Sachin"]
[Black "Kruger, Derik"]
[Result "1-0"]
[WhiteElo "1106"]
[BlackElo "600"]
[PlyCount "101"]
[EventDate "2021.10.02"]
[EventType "swiss"]
[EventRounds "7"]
[EventCountry "GBR"]
[SourceTitle "BritBase"]
[Source "John Saunders"]
[SourceDate "2021.06.05"]
[SourceVersion "1"]
[SourceVersionDate "2021.06.05"]
[SourceQuality "1"]

1. e4 c6 2. Nc3 e5 3. Nf3 d6 4. Be2 Nf6 5. d3 Be7 6. O-O O-O 7. Bd2 Nbd7 8. Re1
d5 9. exd5 Nxd5 10. Nxd5 cxd5 11. d4 e4 12. Ne5 Nxe5 13. dxe5 Bc5 14. Be3 Bb4
15. c3 Ba5 16. b4 Bc7 17. Qd2 Bxe5 18. Bg5 f6 19. Be3 Rf7 20. c4 Bxa1 21. Rxa1
Be6 22. cxd5 Qxd5 23. Qxd5 Bxd5 24. a3 Rd7 25. Rd1 Rad8 26. Bxa7 Bb3 27. Rb1
Rd1+ 28. Bxd1 Ba2 29. Ra1 h6 30. h3 Rd2 31. Rxa2 Rxa2 32. Bb3+ Kf8 33. Bxa2 g5
34. f3 exf3 35. gxf3 Ke7 36. Bc5+ Kd7 37. Kg2 Kc6 38. Kg3 b6 39. Be7 f5 40. f4
Kd7 41. Bxg5 hxg5 42. fxg5 Ke7 43. Kf4 Kf8 44. Kxf5 Kg7 45. h4 b5 46. h5 Kh7
47. g6+ Kh6 48. Kf6 Kxh5 49. g7 Kh6 50. g8=Q Kh5 51. Qg5# 1-0

[Event "GBR-ch107 U8"]
[Site "Milton Keynes"]
[Date "2021.10.02"]
[Round "1.10"]
[White "Pradhan, Ayan"]
[Black "Jakhria, Kushal"]
[Result "0-1"]
[WhiteElo "500"]
[BlackElo "1069"]
[PlyCount "84"]
[EventDate "2021.10.02"]
[EventType "swiss"]
[EventRounds "7"]
[EventCountry "GBR"]
[SourceTitle "BritBase"]
[Source "John Saunders"]
[SourceDate "2021.06.05"]
[SourceVersion "1"]
[SourceVersionDate "2021.06.05"]
[SourceQuality "1"]

1. e4 c5 2. c4 Nc6 3. Nc3 g6 4. g3 Bg7 5. Bg2 d6 6. Nge2 e6 7. d3 Nge7 8. f4
Nd4 9. O-O Nec6 10. Be3 O-O 11. Bf2 a6 12. h3 Rb8 13. a4 b5 14. axb5 axb5 15.
cxb5 Nxb5 16. Nxb5 Rxb5 17. Rb1 Qc7 18. g4 Rxb2 19. Rxb2 Bxb2 20. Qc2 Bg7 21.
Rc1 e5 22. fxe5 Nxe5 23. d4 Nd7 24. dxc5 dxc5 25. Bxc5 Re8 26. Bf2 Qa5 27. Be1
Qa3 28. Rb1 Ba6 29. Ng3 Bd3 30. Qb3 Qc5+ 31. Bf2 Bd4 32. Rb2 Qc1+ 33. Kh2 Qxb2
34. Qxd3 Qxf2 35. Ne2 Ne5 36. Qxd4 Nf3+ 37. Kh1 Nxd4 38. Nxd4 Qxd4 39. Kh2 Qf2
40. Kh1 Rd8 41. Kh2 Rd2 42. Kh1 Qxg2# 0-1

[Event "GBR-ch107 U8"]
[Site "Milton Keynes"]
[Date "2021.10.02"]
[Round "2.1"]
[White "Chen, George"]
[Black "Keerthi Kumar, Advait"]
[Result "1-0"]
[WhiteElo "1113"]
[BlackElo "1492"]
[PlyCount "75"]
[EventDate "2021.10.02"]
[EventType "swiss"]
[EventRounds "7"]
[EventCountry "GBR"]
[SourceTitle "BritBase"]
[Source "John Saunders"]
[SourceDate "2021.06.05"]
[SourceVersion "1"]
[SourceVersionDate "2021.06.05"]
[SourceQuality "1"]

1. e4 c5 2. d4 cxd4 3. c3 dxc3 4. Nxc3 d6 5. Bc4 Nf6 6. e5 Ng4 7. Nf3 Nxe5 8.
Nxe5 dxe5 9. Bxf7+ Kxf7 10. Qxd8 Be6 11. O-O g6 12. Ne4 h6 13. Qd3 Bg7 14. Qf3+
Kg8 15. Nc5 Bf5 16. Qxb7 Nd7 17. Qxa8+ Kh7 18. Qd5 Nf6 19. Qd2 Rc8 20. Nb3 Ne4
21. Qb4 Nd6 22. Be3 Rc4 23. Qb8 Bd3 24. Rfc1 Rg4 25. f3 Rh4 26. g4 e4 27. Rc3
Bxc3 28. bxc3 exf3 29. Bd4 Rxg4+ 30. Kh1 Nf7 31. Qf8 Rxd4 32. Qxf7+ Kh8 33.
Nxd4 f2 34. Kg2 f1=Q+ 35. Rxf1 Bxf1+ 36. Kxf1 e5 37. Ne6 e4 38. Qg7# 1-0

[Event "GBR-ch107 U8"]
[Site "Milton Keynes"]
[Date "2021.10.02"]
[Round "2.2"]
[White "Jakhria, Kushal"]
[Black "Sivanandan, Bodhana"]
[Result "1-0"]
[WhiteElo "1069"]
[BlackElo "1345"]
[PlyCount "91"]
[EventDate "2021.10.02"]
[EventType "swiss"]
[EventRounds "7"]
[EventCountry "GBR"]
[SourceTitle "BritBase"]
[Source "John Saunders"]
[SourceDate "2021.06.05"]
[SourceVersion "1"]
[SourceVersionDate "2021.06.05"]
[SourceQuality "1"]

1. d4 Nf6 2. c4 e6 3. Nf3 b6 4. g3 Bb7 5. Bg2 d5 6. Ne5 Nc6 7. Nxc6 Bxc6 8. Nc3
Bb4 9. O-O Bxc3 10. bxc3 O-O 11. Qc2 Qd7 12. cxd5 Bxd5 13. e4 Bb7 14. Bg5 Ne8
15. Rad1 f6 16. Be3 Qc8 17. Qb3 Nd6 18. f3 Kh8 19. Bh3 Re8 20. Bf4 a5 21. Bxd6
cxd6 22. Qxb6 Ba6 23. Rf2 Qxc3 24. Qxd6 Bc4 25. Qf4 Rad8 26. Qd2 Qxd2 27. Rfxd2
Rd6 28. Rc1 Bb5 29. Rc5 Rb8 30. Rb2 Rdb6 31. Bf1 Bd7 32. Rxb6 Rxb6 33. Rc7 Rd6
34. Bb5 Rxd4 35. Bxd7 h6 36. Bxe6 Kh7 37. Bf5+ Kg8 38. Bg6 Rd8 39. Kf2 Rf8 40.
Ke3 f5 41. e5 Rd8 42. e6 Rf8 43. e7 Ra8 44. Rd7 a4 45. Rd8+ Rxd8 46. exd8=Q#
1-0

[Event "GBR-ch107 U8"]
[Site "Milton Keynes"]
[Date "2021.10.02"]
[Round "2.3"]
[White "Veselow, Zoe"]
[Black "Lishoy Gengis Paratazham, Dildarav"]
[Result "1/2-1/2"]
[WhiteElo "1338"]
[BlackElo "1272"]
[PlyCount "49"]
[EventDate "2021.10.02"]
[EventType "swiss"]
[EventRounds "7"]
[EventCountry "GBR"]
[SourceTitle "BritBase"]
[Source "John Saunders"]
[SourceDate "2021.06.05"]
[SourceVersion "1"]
[SourceVersionDate "2021.06.05"]
[SourceQuality "1"]

1. e4 b6 2. d4 Bb7 3. Nc3 d6 4. Nf3 g6 5. Bc4 e6 6. O-O Bg7 7. Be3 Ne7 8. Re1
O-O 9. Qd2 Nd7 10. Bh6 c5 11. Bxg7 Kxg7 12. dxc5 Nxc5 13. b4 Nd7 14. Qxd6 Rc8
15. Qd3 Qc7 16. Ne2 Qxc4 17. Qxd7 Qc7 18. Qd4+ Kg8 19. c3 Rfd8 20. Qe3 Ba6 21.
Rac1 Kg7 22. Ng3 h6 23. h3 Qc4 24. Qf4 Nc6 25. a3 1/2-1/2

[Event "GBR-ch107 U8"]
[Site "Milton Keynes"]
[Date "2021.10.02"]
[Round "2.4"]
[White "Zhao, George"]
[Black "Kumar, Sachin"]
[Result "1-0"]
[WhiteElo "1315"]
[BlackElo "1106"]
[PlyCount "59"]
[EventDate "2021.10.02"]
[EventType "swiss"]
[EventRounds "7"]
[EventCountry "GBR"]
[SourceTitle "BritBase"]
[Source "John Saunders"]
[SourceDate "2021.06.05"]
[SourceVersion "1"]
[SourceVersionDate "2021.06.05"]
[SourceQuality "1"]

1. d4 d5 2. c4 Nc6 3. g3 e6 4. Bg2 Bb4+ 5. Bd2 Bxd2+ 6. Qxd2 Nge7 7. Nf3 O-O 8.
O-O Bd7 9. cxd5 exd5 10. Nc3 Be6 11. Rac1 Qd7 12. Rfd1 Rfe8 13. e3 Rad8 14. a3
Bg4 15. b4 Qf5 16. Nh4 Qg5 17. Re1 Nf5 18. Nxf5 Qxf5 19. Nxd5 Rxd5 20. Bxd5
Qxd5 21. e4 Rxe4 22. Rxe4 Qxe4 23. Re1 Qxe1+ 24. Qxe1 h6 25. Qe8+ Kh7 26. Qxf7
Nxd4 27. Qc4 Nf3+ 28. Kg2 Ne5 29. Qe4+ g6 30. Qxe5 1-0

[Event "GBR-ch107 U8"]
[Site "Milton Keynes"]
[Date "2021.10.02"]
[Round "2.5"]
[White "Deepak Ambattu, Rithvik"]
[Black "Gao, Alex"]
[Result "1-0"]
[WhiteElo "1285"]
[BlackElo "1015"]
[PlyCount "96"]
[EventDate "2021.10.02"]
[EventType "swiss"]
[EventRounds "7"]
[EventCountry "GBR"]
[SourceTitle "BritBase"]
[Source "John Saunders"]
[SourceDate "2021.06.05"]
[SourceVersion "1"]
[SourceVersionDate "2021.06.05"]
[SourceQuality "1"]

1. e4 e5 2. Nf3 Nc6 3. Bc4 Nf6 4. Ng5 d5 5. exd5 Na5 6. Bb5+ c6 7. dxc6 bxc6 8.
Bd3 h6 9. Ne4 Nxe4 10. Bxe4 Bc5 11. O-O O-O 12. Nc3 f5 13. Bf3 e4 14. Be2 Bd6
15. d3 Qc7 16. h3 Rd8 17. Be3 c5 18. Nb5 Qc6 19. Nxd6 Rxd6 20. Bf4 Rd8 21. Qd2
Bb7 22. Qxa5 exd3 23. Bf3 Qc8 24. Bxb7 Qxb7 25. cxd3 Rxd3 26. Rad1 Rad8 27. Qa4
R3d4 28. Rxd4 Rxd4 29. Qe8+ Kh7 30. Be5 Re4 31. Qb8 Qd5 32. Bc3 f4 33. Qxa7 Qg5
34. Qb7 f3 35. Qxe4+ Kg8 36. Qxf3 Qe7 37. Re1 Qd7 38. Qa8+ Kh7 39. Qe4+ Kg8 40.
Qe8+ Qxe8 41. Rxe8+ Kh7 42. a4 c4 43. a5 g5 44. a6 g4 45. a7 g3 46. a8=Q gxf2+
47. Kxf2 Kg6 48. Qe4+ Kg5 1-0

[Event "GBR-ch107 U8"]
[Site "Milton Keynes"]
[Date "2021.10.02"]
[Round "2.6"]
[White "Maitret, Victor"]
[Black "Han, Qixiang"]
[Result "0-1"]
[WhiteElo "1082"]
[BlackElo "888"]
[PlyCount "78"]
[EventDate "2021.10.02"]
[EventType "swiss"]
[EventRounds "7"]
[EventCountry "GBR"]
[SourceTitle "BritBase"]
[Source "John Saunders"]
[SourceDate "2021.06.05"]
[SourceVersion "1"]
[SourceVersionDate "2021.06.05"]
[SourceQuality "1"]

1. d4 Nf6 2. Bf4 g6 3. Nf3 Bg7 4. e3 d5 5. Nbd2 O-O 6. c4 c6 7. b3 Bf5 8. Be2
Nbd7 9. O-O dxc4 10. Nxc4 Ne4 11. Rc1 c5 12. Nce5 Nxe5 13. Nxe5 cxd4 14. exd4
Rc8 15. Rxc8 Qxc8 16. Re1 Rd8 17. Qc1 Qxc1 18. Bxc1 Rxd4 19. Bb2 Rd2 20. Bc3
Nxc3 21. Bc4 Nxa2 22. Nxf7 Kf8 23. h3 b5 24. Ne5 bxc4 25. Nxc4 Rd3 26. Ne5 Rxb3
27. Nc6 Nc3 28. Nxe7 Rb1 29. Rxb1 Bxb1 30. Nc6 a6 31. Kf1 Be4 32. Nb4 a5 33.
Na6 Bd3+ 34. Ke1 Bxa6 35. Kd2 a4 36. Kc2 a3 37. Kb3 a2 38. Kb2 Bc4 39. Ka1 Nb1#
0-1

[Event "GBR-ch107 U8"]
[Site "Milton Keynes"]
[Date "2021.10.02"]
[Round "2.8"]
[White "Ong, Timothy"]
[Black "Litvin, Theo"]
[Result "0-1"]
[WhiteElo "1038"]
[BlackElo "760"]
[PlyCount "134"]
[EventDate "2021.10.02"]
[EventType "swiss"]
[EventRounds "7"]
[EventCountry "GBR"]
[SourceTitle "BritBase"]
[Source "John Saunders"]
[SourceDate "2021.06.05"]
[SourceVersion "1"]
[SourceVersionDate "2021.06.05"]
[SourceQuality "1"]

1. e4 e5 2. Nf3 Nf6 3. Nxe5 Nc6 4. Nf3 Nxe4 5. Qe2 Qe7 6. d3 Nf6 7. Qxe7+ Bxe7
8. Be2 O-O 9. O-O Re8 10. Nc3 Bb4 11. Be3 d5 12. a3 d4 13. axb4 dxc3 14. bxc3
Nd5 15. Rfe1 Nxe3 16. fxe3 Rxe3 17. Bf1 Rxe1 18. Rxe1 Bg4 19. Be2 Re8 20. h3
Bh5 21. g4 Bg6 22. Kf2 h6 23. d4 Bxc2 24. Rc1 Bg6 25. Bc4 a6 26. Re1 Rxe1 27.
Nxe1 b5 28. Bd5 Ne7 29. Bf3 f5 30. Ke3 fxg4 31. Bxg4 Nd5+ 32. Kd2 Kf7 33. Nd3
h5 34. Bf3 Nf6 35. Ne5+ Ke6 36. Nxg6 Kf5 37. Ne7+ Kf4 38. Bg2 Kg3 39. Bf1 Kf2
40. Be2 g5 41. Nf5 g4 42. hxg4 hxg4 43. Ne3 Ne4+ 44. Kd3 g3 45. Kxe4 Kxe2 46.
Kf4 Kd3 47. Ng2 Kxc3 48. Ke5 Kxb4 49. Ke4 a5 50. Kf3 a4 51. Ne1 a3 52. Nc2+ Kb3
53. Ne3 a2 54. Kxg3 a1=Q 55. Nd5 Qxd4 56. Nxc7 Qe5+ 57. Kf3 Qxc7 58. Ke4 Qd6
59. Kf5 Kc3 60. Ke4 b4 61. Kf5 b3 62. Ke4 b2 63. Kf5 b1=Q+ 64. Kg4 Qbg6+ 65.
Kf3 Qe5 66. Kf2 Qgg3+ 67. Kf1 Qee1# 0-1

[Event "GBR-ch107 U8"]
[Site "Milton Keynes"]
[Date "2021.10.02"]
[Round "2.9"]
[White "Pitel, Benedikt"]
[Black "Pradhan, Ayan"]
[Result "1-0"]
[WhiteElo "963"]
[BlackElo "500"]
[PlyCount "127"]
[EventDate "2021.10.02"]
[EventType "swiss"]
[EventRounds "7"]
[EventCountry "GBR"]
[SourceTitle "BritBase"]
[Source "John Saunders"]
[SourceDate "2021.06.05"]
[SourceVersion "1"]
[SourceVersionDate "2021.06.05"]
[SourceQuality "1"]

1. c4 Nf6 2. Nc3 g6 3. e4 Bg7 4. e5 Ng8 5. d4 d6 6. exd6 exd6 7. Nf3 Nf6 8. Bg5
Be6 9. Be2 O-O 10. O-O h6 11. Be3 Nbd7 12. Qd2 Kh7 13. h3 Ne8 14. Nh2 f5 15.
Rfe1 g5 16. Bd3 Kh8 17. f4 gxf4 18. Bxf4 Bxd4+ 19. Kh1 Qf6 20. Bxh6 Rg8 21.
Bxf5 Qxf5 22. Qxd4+ Ne5 23. Nf3 c5 24. Qe4 Qxe4 25. Nxe4 Nxf3 26. gxf3 Bxh3 27.
Ng5 Rg6 28. Nxh3 Rxh6 29. Kg2 Kh7 30. Re7+ Ng7 31. Rxb7 Rg6+ 32. Kf2 Kh6 33.
Rh1 Nh5 34. Nf4 Rg5 35. Rxh5+ Rxh5 36. Nxh5 Kxh5 37. Rd7 Rb8 38. b3 Rb6 39.
Rxa7 Rc6 40. Rb7 Ra6 41. a4 Rc6 42. a5 Ra6 43. Rb5 Rc6 44. Rb6 Rc7 45. a6 Ra7
46. Ke3 Re7+ 47. Kf2 Rd7 48. Rb7 Rd8 49. a7 Ra8 50. Ke3 Kg5 51. Ke4 Kf6 52. Kd5
Kf5 53. Kc6 Ke6 54. Kb6 d5 55. cxd5+ Kxd5 56. Rb8 Rxb8+ 57. axb8=Q Kd4 58. Qe8
Kc3 59. Qe4 Kxb3 60. Kxc5 Ka2 61. Qb4 Ka1 62. Kc4 Ka2 63. Kc3 Ka1 64. Qb2# 1-0